Statistics for Countries, US States, Capitals, Elements, 100 Most Common Words: Containing ST

Click here to take the quiz!

General Stats

  • This quiz has been taken 240 times
  • The average score is 18 of 37

Answer Stats

Category LETTERS ONLY LETTERS AND SPACES ANSWER % Correct
Countries of the World (196)KYRGYZSTANKYRGYZSTANKyrgyzstan
69%
Countries of the World (196)KAZAKHSTANKAZAKHSTANKazakhstan
69%
Countries of the World (196)AFGHANISTANAFGHANISTANAfghanistan
68%
Countries of the World (196)UZBEKISTANUZBEKISTANUzbekistan
68%
Countries of the World (196)AUSTRALIAAUSTRALIAAustralia
68%
Countries of the World (196)AUSTRIAAUSTRIAAustria
68%
Countries of the World (196)PAKISTANPAKISTANPakistan
66%
Countries of the World (196)TURKMENISTANTURKMENISTANTurkmenistan
66%
Countries of the World (196)TAJIKISTANTAJIKISTANTajikistan
66%
Countries of the World (196)EASTTIMOREAST TIMOREast Timor
59%
World Capitals (196)STOCKHOLMSTOCKHOLMStockholm
59%
Most Common English Words (100)FIRSTFIRSTFirst
58%
Countries of the World (196)ESTONIAESTONIAEstonia
58%
Periodic Table Quiz (118)STRONTIUMSTRONTIUMStrontium
56%
Countries of the World (196)COSTARICACOSTA RICACosta Rica
56%
US State Capitals (50)BOSTONBOSTONBoston
54%
World Capitals (196)ASTANAASTANAAstana
51%
50 States in One Minute (50)WESTVIRGINIAWEST VIRGINIAWest Virginia
51%
Countries of the World (196)UNITEDSTATESUNITED STATESUnited States
49%
US State Capitals (50)AUSTINAUSTINAustin
49%
World Capitals (196)AMSTERDAMAMSTERDAMAmsterdam
47%
Most Common English Words (100)MOSTMOSTMost
46%
World Capitals (196)BUDAPESTBUDAPESTBudapest
44%
World Capitals (196)BUCHARESTBUCHARESTBucharest
44%
World Capitals (196)PRISTINAPRISTINAPristina
42%
Periodic Table Quiz (118)ASTATINEASTATINEAstatine
42%
Countries of the World (196)FEDERATEDSTATESOFMICRONESIAFEDERATED STATES OF MICRONESIAFederated States of Micronesia
41%
World Capitals (196)KINGSTONKINGSTONKingston
37%
Periodic Table Quiz (118)EINSTEINIUMEINSTEINIUMEinsteinium
37%
World Capitals (196)KINGSTOWNKINGSTOWNKingstown
37%
US State Capitals (50)AUGUSTAAUGUSTAAugusta
34%
Most Common English Words (100)JUSTJUSTJust
32%
World Capitals (196)CASTRIESCASTRIESCastries
32%
Countries of the World (196)LIECHTENSTEINLIECHTENSTEINLiechtenstein
29%
Periodic Table Quiz (118)DARMSTADTIUMDARMSTADTIUMDarmstadtium
29%
Periodic Table Quiz (118)TUNGSTENTUNGSTENTungsten
24%
US State Capitals (50)CHARLESTONCHARLESTONCharleston
24%

Score Distribution

Percentile by Number Answered

Percent of People with Each Score

Your Score History

You have not taken this quiz